000 00825naa a22002777a 4500
001 BR7503572
003 BR-BrBNA
005 20240918173755.0
007 ta
008 230509b bl.||||| |||| 00| 0 por d
040 _aBR-BrBNA
_bpor
_cBiblioteca Nacional de Agricultura
041 _a(Pt)
072 _aF00
_b3575
090 _aF00 BR7503572
100 1 _aSacco, J. da C.
245 1 _aBotanica da semente
260 3 _aPelotas, RS (Brasil):
_c1975.
500 _aCurso sobre analise de sementes Pelotas, RS (Brasil): 1975. p. 9-20 (BR7503572-AM)F00
650 _aSEMENTE
650 _aBOTANICA
650 _aEMBRIAO
650 _aGERMINACAO
773 0 _tCurso sobre analise de sementes
_wF00 BR7503572
_gPelotas, RS (Brasil), 1975. p. 9-20
909 _a202404
_bLucia
_c55
_dLucia Elande
942 _cAM
_2AGRIS
999 _c306800
_d306800